000 00684nam a2200229Ia 4500
003 OSt
005 20220926011341.0
006 a|||||r|||| 00| 0
007 ta
008 220923b |||||||| |||| 00| 0 eng d
037 _cGeneral Book
040 _aRTL
_cRTL
_beng
041 _2eng
_aeng
082 _aX:57, K8/SC
100 _aBHAGWATI Jagdish
245 0 _aTheory and practice of commercial policy
_b Departures from unified exchange rates.
260 _aNew Jersey
_bPrinceton University Press
_c1968
300 _a74p.
_ccm.
500 _aBibliography: P 67-74
942 _hX:57, K8/SC
_cGB
_2CC
999 _c619812
_d619812